| 000 | 00467 a2200157 4500 | ||
|---|---|---|---|
| 020 | _a0898713617 | ||
| 040 |
_aDLC _bDLC |
||
| 100 | 1 | _aTrefethen, Lloyd N. | |
| 245 | 1 | 0 |
_aNumerical linear algebra _cLloyd N. Trefethen, David Bau III. |
| 260 |
_aPhiladelphia : _bSociety for Industrial and Applied Mathematics, _c1997. |
||
| 300 | _a361 p. : | ||
| 650 | 0 | _aAlgebras, Linear. | |
| 650 | 0 | _aNumerical calculations. | |
| 700 | 1 | _aBau, David. | |
| 942 |
_cBK _k512.5 TRE _2ddc |
||
| 999 |
_c8959 _d8959 |
||